ბათუმის შოთა რუსთაველის სახელმწიფო უნივერსიტეტის ბიბლიოთეკა

Hospitality Marketing Management / (ბიბ.ჩანაწერი № 41121)

000 -LEADER
fixed length control field 00815nam a2200241Ia 4500
001 - CONTROL NUMBER
control field 7771
003 - CONTROL NUMBER IDENTIFIER
control field GE_BSU
005 - DATE AND TIME OF LATEST TRANSACTION
control field 20221114162937.0
008 - FIXED-LENGTH DATA ELEMENTS--GENERAL INFORMATION
fixed length control field 181216s2010||||enk|||||||||||||| ||eng||
020 ## - INTERNATIONAL STANDARD BOOK NUMBER
International Standard Book Number 9780470088586x
040 ## - CATALOGING SOURCE
Transcribing agency GE_BSU
041 ## - LANGUAGE CODE
Language code of text/sound track or separate title eng
080 ## - UNIVERSAL DECIMAL CLASSIFICATION NUMBER
Universal Decimal Classification number 338.487+005 R-37
100 ## - MAIN ENTRY--PERSONAL NAME
Personal name Reid, Robert D.
9 (RLIN) 13098
245 ## - TITLE STATEMENT
Title Hospitality Marketing Management /
Statement of responsibility, etc. Robert D. Reid.
264 ## - PRODUCTION, PUBLICATION, DISTRIBUTION, MANUFACTURE, AND COPYRIGHT NOTICE
Place of production, publication, distribution, manufacture New Jersey :
Name of producer, publisher, distributor, manufacturer Hoboken,
Date of production, publication, distribution, manufacture, or copyright notice 2010.
300 ## - PHYSICAL DESCRIPTION
Extent 656 p.
Other physical details Col. ill.
Dimensions 29cm.
653 ## - INDEX TERM--UNCONTROLLED
keyword Hospitality Marketing Management
653 ## - INDEX TERM--UNCONTROLLED
keyword მარკეტინგი
653 ## - INDEX TERM--UNCONTROLLED
keyword სტუმართმოყვარეობის მარკეტინგის მენეჯმენტი
653 ## - INDEX TERM--UNCONTROLLED
keyword Управление гостиничным маркетингом
942 ## - ADDED ENTRY ELEMENTS (KOHA)
Koha item type წიგნი
Source of classification or shelving scheme
ეგზემპლარები
Withdrawn status Lost status Source of classification or shelving scheme Damaged status Not for loan Permanent Location Current Location Shelving location Date acquired Cost, normal purchase price Full call number Barcode Date last seen Copy number Price effective from Koha item type Public note
          ბათუმის შოთა რუსთაველის სახელმწიფო უნივერსიტეტის მთავარი ბიბლიოთეკა ბათუმის შოთა რუსთაველის სახელმწიფო უნივერსიტეტის მთავარი ბიბლიოთეკა წიგნსაცავი 2018-12-17 182.00 338.487+005 R-37 24156 2018-12-17 24156 2018-12-17 წიგნი 182 ლ.
          ბათუმის შოთა რუსთაველის სახელმწიფო უნივერსიტეტის მთავარი ბიბლიოთეკა ბათუმის შოთა რუსთაველის სახელმწიფო უნივერსიტეტის მთავარი ბიბლიოთეკა წიგნსაცავი 2018-12-17 182.00 338.487+005 R-37 24157 2018-12-17 24157 2018-12-17 წიგნი 182 ლ.
          ბათუმის შოთა რუსთაველის სახელმწიფო უნივერსიტეტის მთავარი ბიბლიოთეკა ბათუმის შოთა რუსთაველის სახელმწიფო უნივერსიტეტის მთავარი ბიბლიოთეკა წიგნსაცავი 2021-11-29 141.00 338.487+005 R-37 36029 2021-11-29 36029 2021-11-29 წიგნი 141ლ.